| 000 | 00975nam a2200289 i 4500 | ||
|---|---|---|---|
| 001 | bg | ||
| 003 | BPK | ||
| 005 | 20211231085816.0 | ||
| 008 | s2002 pl f f |000 0 pol | ||
| 020 | _a8301136162 | ||
| 040 | _cBPK | ||
| 041 | 0 | _apol | |
| 080 | _a339.7 | ||
| 080 | _a(075.8) | ||
| 100 | 1 |
_aZabielski, Kazimierz _d(1932-2014) _eAutor |
|
| 245 | 1 | 0 |
_aFinanse międzynarodowe / _cKazimierz Zabielski. |
| 250 | _aWyd. 3, popr. | ||
| 260 |
_aWarszawa : _bWydawnictwo Naukowe PWN, _c2002. |
||
| 300 |
_a363, [1] s. ; _c21 cm. |
||
| 504 | _aBibliogr. przy rozdz. | ||
| 655 | 4 | _aPodręczniki akademickie | |
| 650 | 4 | _aFinanse międzynarodowe | |
| 710 | 2 |
_aWydawnictwo Naukowe PWN _4pbl. |
|
| 942 |
_cKS _2UKD |
||
| 856 |
_uhttp://koha.tu.koszalin.pl/cgi-bin/koha/opac-detail.pl?biblionumber=45446 _yKatalog online BPK |
||
| 999 |
_c45446 _d45446 |
||